000 00638nam a2200241 a 4500
001 nice12345678
003 IN_TiNIC
005 20260116012356.0
008 050524s1989 kota grp 000 0 eng
020 _a
_c100
082 0 0 _a291
_bJOS
100 _aJoseph, Babu
245 _aFailure of Marxism Victory of Jesus
_b Can a Christian Be a Marxist Too?
260 _aKottayam
_bChristian Liberation Movement
_c1989
300 _a88p
500 _aincludes index and biblioraphy
505 2 _aBiblio, Index
650 _aMarxism and Christianity
700 1 _aJoseph, Babu
902 _bSRS
942 _cBK
999 _c6764
_d6764